000 00311nam a22001457a 4500
008 231124b ||||| |||| 00| 0 eng d
020 _a9780415215930
041 _aeng
080 _a159.9
082 _a159.9BRA
100 _a25
101 _aPSI
245 _aABSENT FATHERS
_cBRADSHAW.J
942 _2udc
_cBK
999 _c60499
_d60499